000
00314nam a2200109Ia 4500
008
200302s9999 xx 000 0 und d
100
_a
Francisco Asensio Cerver
245
_a
Architectural Houses architecture and Interior Design of Houses
260
_b
Atrium International Inc.
260
_c
1997
300
_a
191 P.,
999
_c
1130
_d
1130